| 000 | 00976nam a22002894a 4500 | ||
|---|---|---|---|
| 001 | 36815 | ||
| 003 | (BD-RjUL | ||
| 005 | 20211209052539.0 | ||
| 008 | 140915s2006 dcua b 001 0 eng | ||
| 020 | _a1555813194 | ||
| 035 | _a(BD-RjUL)36917 | ||
| 040 |
_aDLC _cDLC _dDLC _dBD-RjUL |
||
| 082 | 0 | 0 |
_a572.86459 _222 |
| 245 | 0 | 0 |
_aDNA repair and mutagenesis / _cErrol C. Friedberg ... [et al.]. |
| 250 | _a2nd ed. | ||
| 260 |
_aWashington, D.C. : _bASM Press, _cc2006. |
||
| 300 |
_axxix, 1118 p. : _bill. (some col.) ; _c29 cm. |
||
| 500 | _aRev. ed. of: DNA repair and mutagenesis / Errol C. Friedberg, Graham C. Walker, Wolfram Siede. c1995. | ||
| 504 | _aIncludes bibliographical references and index. | ||
| 650 | 0 |
_aDNA repair. _9112298 |
|
| 650 | 0 |
_aMutagenesis. _937625 |
|
| 700 | 1 |
_aFriedberg, Errol C. _9112299 |
|
| 700 | 1 |
_aFriedberg, Errol C. _tDNA repair and mutagenesis. _9112300 |
|
| 942 |
_2ddc _cBK |
||
| 999 |
_c36815 _d36815 |
||